000 00980nam a2200241Ii 4500
003 JO-AjNU
008 230605s9999||||xx |||||||||||||| ||und||
017 _a2007/6167
020 _a978-99901-38-16-0
040 _aJO-AjNU
_bara
_erda
_cJO-AjNU
041 _aara
050 1 4 _ak3400.2007
100 3 _a حمود ، محمد عبدالله,
_eauthor
_953084
245 0 0 _aمبادئ القانون الإداري : ماهية القانون الإداري ، التنظيم الإداري ، النشاط الإداري، الكتاب الأول
250 _aط2
264 3 1 _aمملكة البحرين : جامعة العلوم التطبيقية ، 2007
300 _aالكتاب الاول، 254ص
336 _atext
_btxt
_2rdacontent
337 _aunmediated
_bn
_2rdamedia
338 _avolume
_bnc
_2rdacarrier
490 0 _aسلسلة الكتب القانونية (9)
650 4 _aقوانيين -- قانون إداري -- مملكة البحرين
_953085
999 _aA23554
_c27122
_d27122